| 000 | 00408nam a2200169Ia 4500 | ||
|---|---|---|---|
| 008 | 221030s9999 xx 000 0 und d | ||
| 020 | _a9812400877 | ||
| 041 | _aEnglish | ||
| 082 |
_a105.23 _bRob |
||
| 100 | _aP. Rob | ||
| 245 | 0 |
_aDatabase Systems _cby P. Rob, C. Coronel |
|
| 260 |
_bThomson Learning _aSingapore _c2002 |
||
| 300 | _a750 | ||
| 650 | _aBE Computer | ||
| 700 | _aC. Coronel | ||
| 942 | _cBK | ||
| 999 |
_c7973 _d7973 |
||